| 000 | 02693cam a22004577a 4500 | ||
|---|---|---|---|
| 001 | 7810199 | ||
| 003 | OSt | ||
| 005 | 20211123154009.0 | ||
| 006 | m d | ||
| 007 | cr n | ||
| 008 | 090409s2009 maua sb 001 0 eng d | ||
| 015 |
_aGBA8B4484 _2bnb |
||
| 016 | 7 |
_a014765786 _2Uk |
|
| 020 | _a9789382291091 | ||
| 035 | _a(WaSeSS)ssj0000240568 | ||
| 038 | _aKhadija | ||
| 040 |
_aUKM _cUKM _dBWX _dCDX _dIPL _dOKU _dYDXCP _dFER _dDLC _dWaSeSS |
||
| 042 | _alccopycat | ||
| 050 | 4 |
_aTL867 _b.S24 2012. |
|
| 082 | 0 | 4 |
_a629.89553 _222 _bCHI |
| 100 | _4Â Musgrave, Gary Eugene | ||
| 210 | 1 | 0 | _aSafety design for space systems |
| 245 | 0 | 0 |
_aSafety design for space systems / _cedited by Gary Eugene Musgrave, Axel (Skip) M. Larsen, Tommaso Sgobba. |
| 260 |
_aBurlington, MA ; _aOxford : _bButterworth-Heinemann, _cc2012. |
||
| 500 | _aSponsored by the International Association for the Advancement of Space Safety. | ||
| 504 | _aIncludes bibliographical references and index. | ||
| 505 | 0 | _aIntroduction to space safety -- The space environment : natural and induced -- Overview of bioastronautics -- Basic principles of space safety -- Human rating concepts -- Life support systems safety -- Emergency systems -- Collision avoidance systems -- Robotic systems safety -- Meteoroid and debris protection -- Noise control design -- Materials safety -- Oxygen systems safety -- Avionics safety -- Software system safety -- Battery safety -- Mechanical systems safety -- Containment of hazardous materials -- Failure tolerance design -- Propellant systems safety -- Pyrotechnic safety -- Extravehicular activity safety -- Emergency, caution, and warning system -- Laser safety -- Crew training safety : an integrated process -- Safety considerations for the ground environment -- Fire safety -- Safe without services design -- Probabilistic risk assessment with emphasis. | |
| 506 | _aLicense restrictions may limit access. | ||
| 563 | _aPB | ||
| 650 | 0 |
_aAstronautics _xSafety measures. _984940 |
|
| 700 | 1 |
_aMusgrave, Gary Eugene, _d1947- _984941 |
|
| 700 | 1 |
_aLarsen, Axel M. _984942 |
|
| 700 | 1 |
_aSgobba, Tommaso. _984943 |
|
| 710 | 2 |
_aInternational Association for the Advancement of Space Safety. _984944 |
|
| 773 | 0 | _tReferex Mechanical Engineering and Materials | |
| 773 | 0 | _teBook - Engineering 2009 [EBCE09] | |
| 856 | 4 | 0 |
_uhttp://www.columbia.edu/cgi-bin/cul/resolve?clio7810199.001 _zFull text available from eBook - Engineering 2009 [EBCE09] |
| 856 | 4 | 0 |
_uhttp://www.columbia.edu/cgi-bin/cul/resolve?clio7810199.002 _zFull text available from Referex Mechanical Engineering and Materials |
| 910 | _aLibrary of Congress record | ||
| 942 |
_2ddc _cBK |
||
| 999 |
_c33382 _d33382 |
||